[Event "FIDE World Blitz 2014"]
[Site "Dubai UAE"]
[Date "2014.06.19"]
[Round "2.50"]
[White "Byambaa, Zulzaga"]
[Black "Ganguly, Surya Shekhar"]
[Result "0-1"]
[WhiteTitle "FM"]
[BlackTitle "GM"]
[WhiteElo "2286"]
[BlackElo "2619"]
[WhiteFideId "4900642"]
[BlackFideId "5002150"]
[EventDate "2014.06.19"]

1. e4 c5 2. Nf3 e6 3. d4 cxd4 4. Nxd4 Nc6 5. Nb5 d6 6. Bf4 e5 7. Be3 Nf6 8. Nd2
Be6 9. Nc4 Nxe4 10. Bd3 Nf6 11. Bg5 d5 12. Ne3 a6 13. Na3 Be7 14. O-O O-O 15. c4
Nb4 16. Bf5 d4 17. Bxe6 dxe3 18. Bh3 exf2+ 19. Kh1 Ne4 20. Be3 Qxd1 21. Raxd1
Rad8 22. Bf5 Rxd1 23. Rxd1 Rd8 24. Rf1 Nd6 25. Bb1 g6 26. Bxf2 f5 27. g3 Nf7 28.
Kg2 Rd2 29. b3 Nxa2 30. Nc2 Nc3 31. Ne3 Nxb1 32. Rxb1 Bc5 33. Kf1 Rxf2+ 34. Kxf2
f4 35. gxf4 exf4 36. Kf3 Bxe3 37. Rd1 g5 38. Ke4 g4 39. Rd7 Ng5+ 40. Kf5 f3 41.
Re7 f2 0-1

[Event "FIDE World Blitz 2014"]
[Site "Dubai UAE"]
[Date "2014.06.19"]
[Round "3.6"]
[White "Nepomniachtchi, Ian"]
[Black "Laznicka, Viktor"]
[Result "1-0"]
[WhiteTitle "GM"]
[BlackTitle "GM"]
[WhiteElo "2730"]
[BlackElo "2679"]
[WhiteFideId "4168119"]
[BlackFideId "316385"]
[EventDate "2014.06.19"]

1. e4 c6 2. Nc3 d5 3. Nf3 Bg4 4. h3 Bxf3 5. gxf3 e6 6. d4 g6 7. h4 h5 8. Be3 Bg7
9. Qd2 Ne7 10. O-O-O Nd7 11. Kb1 b5 12. Bh3 Nb6 13. b3 a5 14. Ne2 a4 15. Nf4 O-O
16. Rhg1 Kh8 17. e5 Rg8 18. Nxh5 gxh5 19. Rg5 Re8 20. Rxh5+ Kg8 21. Bh6 Ng6 22.
Bxg7 axb3 23. cxb3 Rxa2 24. Kxa2 Nc4 25. Qh6 Qa5+ 26. Kb1 Na3+ 27. Kb2 Nc4+ 28.
bxc4 Qb4+ 29. Kc2 Qxc4+ 30. Kd2 Qxd4+ 31. Ke1 Qc3+ 32. Kf1 1-0

[Event "FIDE World Blitz 2014"]
[Site "Dubai UAE"]
[Date "2014.06.19"]
[Round "3.8"]
[White "Wojtaszek, Radoslaw"]
[Black "Volokitin, Andrei"]
[Result "1-0"]
[WhiteTitle "GM"]
[BlackTitle "GM"]
[WhiteElo "2715"]
[BlackElo "2638"]
[WhiteFideId "1118358"]
[BlackFideId "14107090"]
[EventDate "2014.06.19"]

1. Nf3 Nf6 2. c4 g6 3. Nc3 d5 4. cxd5 Nxd5 5. g3 c5 6. Bg2 Nc6 7. d3 Bg7 8. Bd2
O-O 9. O-O Nc7 10. a3 Bd7 11. Rb1 a5 12. Qc1 Nd4 13. Nxd4 cxd4 14. Ne4 Bc6 15.
Bh6 Rc8 16. Bxg7 Kxg7 17. Qd2 Ne6 18. Rbc1 h6 19. b4 f5 20. b5 Bd5 21. Rxc8 Qxc8
22. Nd6 Qc5 23. Nxb7 Bxb7 24. Bxb7 Qxb5 25. Bf3 Qc5 26. Qa2 Ng5 27. Bg2 Rb8 28.
h4 Nf7 29. Qe6 Qd6 30. Qc4 Ne5 31. Qa4 Qc5 32. f4 Ng4 33. Qd7 Ne3 34. Re1 Qxa3
35. Qxd4+ Kf7 36. Qxe3 Qc3 37. Bd5+ Kf8 38. Rc1 Qb2 39. Rc7 Qf6 40. Kg2 Qd6 41.
Qe5 Qxe5 42. fxe5 Rb5 43. e4 fxe4 44. dxe4 a4 45. Ra7 Rb4 46. Kf3 g5 47. hxg5
hxg5 48. Kg4 e6 49. Bxe6 Rxe4+ 50. Kf5 Re3 51. g4 a3 52. Kf6 Rf3+ 53. Bf5 1-0

[Event "FIDE World Blitz 2014"]
[Site "Dubai UAE"]
[Date "2014.06.19"]
[Round "3.9"]
[White "Lu, Shanglei"]
[Black "Tomashevsky, Evgeny"]
[Result "1-0"]
[WhiteTitle "GM"]
[BlackTitle "GM"]
[WhiteElo "2546"]
[BlackElo "2695"]
[WhiteFideId "8603332"]
[BlackFideId "4147235"]
[EventDate "2014.06.19"]

1. e4 e5 2. Nc3 Nc6 3. g3 h5 4. h3 Bc5 5. d3 d6 6. Bg2 Nge7 7. Be3 Be6 8. Nf3
Qd7 9. d4 exd4 10. Nxd4 h4 11. g4 Ng6 12. Nf5 O-O-O 13. O-O Bxe3 14. Nxe3 Nf4
15. Ne2 Nxg2 16. Kxg2 g6 17. Nd4 Kb8 18. c4 Nxd4 19. Qxd4 f5 20. exf5 gxf5 21.
f3 Qc6 22. b3 fxg4 23. hxg4 Rdf8 24. Rf2 a5 25. a4 Qe8 26. Rh1 Qg6 27. Kh2 b6
28. Rg1 Bc8 29. f4 h3 30. f5 Qg5 31. Qf4 Qf6 32. Nd5 Qf7 33. f6 Bb7 34. Qf5 Bxd5
35. Qxd5 Qg6 36. Qf5 Qe8 37. g5 Rh5 38. Qf4 Qg6 39. Qf5 Qe8 40. f7 Qc6 41. Qf3
Qc5 42. g6 Qe5+ 43. Qf4 Qg7 44. Qf6 1-0

[Event "FIDE World Blitz 2014"]
[Site "Dubai UAE"]
[Date "2014.06.19"]
[Round "3.10"]
[White "Iturrizaga Bonelli, Eduardo"]
[Black "Ragger, Markus"]
[Result "1-0"]
[WhiteTitle "GM"]
[BlackTitle "GM"]
[WhiteElo "2653"]
[BlackElo "2632"]
[WhiteFideId "3901211"]
[BlackFideId "1610856"]
[EventDate "2014.06.19"]

1. Nf3 Nf6 2. c4 c6 3. Nc3 d5 4. e3 e6 5. Qc2 Bd6 6. b3 O-O 7. Bb2 Re8 8. Be2 e5
9. d4 e4 10. Nd2 Na6 11. a3 Be6 12. c5 Bf8 13. h3 Nc7 14. b4 Nd7 15. Nb3 f5 16.
Na5 Rb8 17. O-O-O Qf6 18. f4 exf3 19. Bxf3 Qg5 20. Kb1 Nf6 21. Ne2 Ne4 22. Nf4
Bf7 23. g4 fxg4 24. hxg4 Ne6 25. Bc1 h6 26. Ka1 Nxf4 27. exf4 Qf6 28. g5 hxg5
29. Qh2 Bg6 30. Qh8+ Kf7 31. Rhf1 Bxc5 32. Qh3 Bxd4+ 33. Rxd4 Qxd4+ 34. Bb2 Qd3
35. f5 Ke7 36. fxg6 Rf8 37. Qg2 Rf5 38. Be2 Rxf1+ 39. Qxf1 Qe3 40. Qf7+ Kd6 41.
Bg4 Qe1+ 42. Ka2 Nc3+ 43. Bxc3 Qxc3 44. Qd7+ Ke5 45. Qxg7+ Kf4 46. Qxc3 Kxg4 47.
Qd4+ 1-0

[Event "FIDE World Blitz 2014"]
[Site "Dubai UAE"]
[Date "2014.06.19"]
[Round "3.11"]
[White "Meier, Georg"]
[Black "Efimenko, Zahar"]
[Result "1-0"]
[WhiteTitle "GM"]
[BlackTitle "GM"]
[WhiteElo "2632"]
[BlackElo "2648"]
[WhiteFideId "4675789"]
[BlackFideId "14107201"]
[EventDate "2014.06.19"]

1. Nf3 g6 2. d4 Bg7 3. e4 d6 4. Be2 Nf6 5. Nc3 O-O 6. O-O c6 7. Bf4 Bg4 8. Qd2
Nbd7 9. Rad1 Bxf3 10. Bxf3 e5 11. Be3 Re8 12. Rfe1 Qc7 13. d5 c5 14. Nb5 Qb6 15.
Na3 a6 16. Nc4 Qc7 17. a4 Nb6 18. Qa5 Nfd7 19. Bg4 Rec8 20. Nxb6 Nxb6 21. Bxc8
Rxc8 22. b3 f5 23. f3 Bf6 24. Qd2 f4 25. Bf2 Nd7 26. a5 Kh8 27. Rb1 Bd8 28. Ra1
c4 29. b4 c3 30. Qe2 Qc4 31. Qxc4 Rxc4 32. Reb1 Kg8 33. b5 Kf7 34. bxa6 bxa6 35.
Rb7 Ke8 36. Ra7 Rb4 37. Rxa6 Rb2 38. Rxd6 Rxc2 39. Rc6 Nb8 40. a6 Nxc6 41. dxc6
Rb2 42. c7 c2 43. c8=Q Rb1+ 44. Be1 Rxa1 45. Qxc2 Rxe1+ 46. Kf2 Ra1 47. Qc6+ Ke7
48. Qb7+ Kd6 49. a7 Ra2+ 50. Kf1 Ra1+ 51. Ke2 Ra2+ 52. Kd1 1-0

[Event "FIDE World Blitz 2014"]
[Site "Dubai UAE"]
[Date "2014.06.19"]
[Round "3.12"]
[White "Aronian, Levon"]
[Black "Onischuk, Vladimir"]
[Result "0-1"]
[WhiteTitle "GM"]
[BlackTitle "GM"]
[WhiteElo "2815"]
[BlackElo "2594"]
[WhiteFideId "13300474"]
[BlackFideId "14114038"]
[EventDate "2014.06.19"]

1. d4 d6 2. Nf3 g6 3. c4 Bg7 4. Nc3 Nc6 5. g3 Nf6 6. Bg2 O-O 7. O-O e5 8. d5 Nb8
9. e4 a5 10. Ne1 Na6 11. Nd3 Nd7 12. f4 exf4 13. gxf4 Ndc5 14. Nxc5 Nxc5 15. Be3
b6 16. Bd4 Bh6 17. Qf3 Bd7 18. Rae1 Qe7 19. f5 Qh4 20. Bf2 Qg5 21. f6 Rae8 22.
h3 Qd2 23. Be3 Bxe3+ 24. Rxe3 h5 25. Rf2 Qd4 26. Qf4 Kh7 27. Ne2 Qe5 28. Qf3
Qxb2 29. Ng3 Qa1+ 30. Rf1 Qe5 31. h4 Bg4 32. Qf2 a4 33. Bf3 Bh3 34. Bg2 Bxg2 35.
Kxg2 a3 36. Rfe1 Nd7 37. Rf3 Ra8 38. Ree3 Ra4 39. Rxa3 Rxa3 40. Rxa3 Nxf6 41.
Rf3 Kg7 42. Qe3 Ng4 43. Qd2 Ra8 44. a3 Ra4 45. Nf5+ Kg8 46. Ng3 Rxc4 47. Qe2 Rc3
48. Rxc3 Qxc3 49. a4 Qe3 50. Qc2 Qf4 51. Nf1 Qxf1+ 0-1

[Event "FIDE World Blitz 2014"]
[Site "Dubai UAE"]
[Date "2014.06.19"]
[Round "3.13"]
[White "Eljanov, Pavel"]
[Black "Svidler, Peter"]
[Result "0-1"]
[WhiteTitle "GM"]
[BlackTitle "GM"]
[WhiteElo "2723"]
[BlackElo "2753"]
[WhiteFideId "14102951"]
[BlackFideId "4102142"]
[EventDate "2014.06.19"]

1. d4 d6 2. Nf3 g6 3. c4 f5 4. Nc3 Nf6 5. g3 Bg7 6. Bg2 O-O 7. O-O Qe8 8. d5 Na6
9. Be3 Bd7 10. Qd2 Ng4 11. Bd4 Ne5 12. b3 c5 13. dxc6 Bxc6 14. Rad1 b6 15. Nd5
e6 16. Nc3 Rd8 17. Rfe1 Nc5 18. Qb2 Bxf3 19. Bxf3 Ncd3 20. Rxd3 Nxd3 21. exd3
Bxd4 22. Bd5 Rf6 23. Qd2 Qd7 24. Bg2 Rf7 25. Nb5 Bf6 26. d4 Kg7 27. Nc3 e5 28.
Nd5 e4 29. f3 exf3 30. Bxf3 Re8 31. Rf1 Qd8 32. Nf4 Bg5 33. h4 Bxf4 34. Qxf4 Qf6
35. Kg2 Rfe7 36. Rf2 h6 37. g4 Qxh4 38. Qxd6 fxg4 39. Bc6 Qh3+ 0-1

[Event "FIDE World Blitz 2014"]
[Site "Dubai UAE"]
[Date "2014.06.19"]
[Round "3.14"]
[White "Tkachiev, Vladislav"]
[Black "Potkin, Vladimir"]
[Result "1/2-1/2"]
[WhiteTitle "GM"]
[BlackTitle "GM"]
[WhiteElo "2625"]
[BlackElo "2621"]
[WhiteFideId "618438"]
[BlackFideId "4131061"]
[EventDate "2014.06.19"]

1. d4 d5 2. c4 c6 3. Nf3 Nf6 4. Nc3 e6 5. g3 Nbd7 6. Bg2 dxc4 7. O-O Be7 8. a4
O-O 9. a5 b5 10. axb6 Qxb6 11. Qa4 a5 12. Nd2 Qxd4 13. Qxc4 Qa7 14. Nb3 Bb4 15.
Be3 Qb8 16. Qxc6 Ra6 17. Qc4 Bb7 18. Nd4 Bxg2 19. Qxa6 Bxf1 20. Rxf1 Qc8 21.
Qxc8 Rxc8 22. Ndb5 Ne5 23. Na4 Nd5 24. Rc1 Rxc1+ 25. Bxc1 Kf8 26. Kf1 Ke7 27. f4
Nc4 28. e4 Ndb6 29. Nxb6 Nxb6 30. Ke2 Kd7 31. Kd3 Kc6 32. Nd4+ Kd7 33. b3 a4 34.
bxa4 Nxa4 1/2-1/2

[Event "FIDE World Blitz 2014"]
[Site "Dubai UAE"]
[Date "2014.06.19"]
[Round "3.17"]
[White "Lenic, Luka"]
[Black "Sargissian, Gabriel"]
[Result "0-1"]
[WhiteTitle "GM"]
[BlackTitle "GM"]
[WhiteElo "2659"]
[BlackElo "2686"]
[WhiteFideId "14603853"]
[BlackFideId "13300881"]
[EventDate "2014.06.19"]

1. Nf3 d5 2. g3 c6 3. Bg2 Bg4 4. O-O e6 5. d3 Nf6 6. Qe1 Be7 7. e4 O-O 8. Nbd2
Nbd7 9. Qe2 a5 10. Re1 a4 11. a3 Qb6 12. h3 Bh5 13. Nf1 dxe4 14. dxe4 Qa6 15.
Qxa6 Rxa6 16. g4 Bg6 17. Ng3 Rd8 18. Nh4 Bc5 19. Nxg6 hxg6 20. e5 Nd5 21. Bf1
Raa8 22. Bg5 Be7 23. Bd2 b5 24. Rad1 N7b6 25. Ne4 Nc4 26. Bxc4 bxc4 27. c3 Nc7
28. Be3 Rd5 29. Nd6 Bxd6 30. exd6 Nb5 31. Bf4 Rd8 32. Kf1 Nxd6 33. Rc1 Rb8 34.
Rc2 Rbb5 35. Bxd6 Rxd6 36. Re4 Rc5 37. Ke2 Kf8 38. Rd2 Rxd2+ 39. Kxd2 Ke7 40. f4
f5 41. Re1 Rd5+ 42. Kc2 Rd3 43. Re5 Rxh3 44. gxf5 gxf5 45. Rc5 Rh4 46. Rxc4 g5
47. Rxa4 gxf4 48. Kd3 e5 49. Ra7+ Ke6 50. Ra8 Rh3+ 51. Ke2 e4 52. Re8+ Kd5 53.
Rd8+ Kc4 54. Rd4+ Kb3 55. Rb4+ Kc2 56. a4 f3+ 57. Ke3 f4+ 58. Kf2 e3+ 59. Kg1
f2+ 0-1

[Event "FIDE World Blitz 2014"]
[Site "Dubai UAE"]
[Date "2014.06.19"]
[Round "3.18"]
[White "Andriasian, Zaven"]
[Black "Karjakin, Sergey"]
[Result "1/2-1/2"]
[WhiteTitle "GM"]
[BlackTitle "GM"]
[WhiteElo "2611"]
[BlackElo "2771"]
[WhiteFideId "13302000"]
[BlackFideId "14109603"]
[EventDate "2014.06.19"]

1. e4 c5 2. Nf3 d6 3. d4 cxd4 4. Nxd4 Nf6 5. Nc3 a6 6. Be3 e5 7. Nf3 Be7 8. Bc4
O-O 9. O-O Qc7 10. Qe2 b5 11. Bb3 Be6 12. Rfd1 Rc8 13. Bg5 Nbd7 14. Bxf6 Nxf6
15. Ne1 b4 16. Nd5 Nxd5 17. Bxd5 Bxd5 18. Rxd5 Qb6 19. b3 h6 20. g3 Rc5 21. Qd3
Rac8 22. a4 Rxd5 23. Qxd5 Rc5 24. Qd3 Qc6 25. Rd1 Rc3 26. Qe2 Bd8 27. Rd3 Rc5
28. Rd2 a5 29. Nd3 Rc3 30. Nxe5 dxe5 31. Rxd8+ Kh7 32. Rd2 g6 33. h4 h5 34. Kg2
Kg7 35. f3 Qc5 36. Qf2 Qc6 37. Qe2 Qc5 38. Qf2 Qc6 39. Qe2 1/2-1/2

[Event "FIDE World Blitz 2014"]
[Site "Dubai UAE"]
[Date "2014.06.19"]
[Round "3.19"]
[White "Fedoseev, Vladimir3"]
[Black "Anand, Viswanathan"]
[Result "1-0"]
[WhiteTitle "GM"]
[BlackTitle "GM"]
[WhiteElo "2662"]
[BlackElo "2785"]
[WhiteFideId "24130737"]
[BlackFideId "5000017"]
[EventDate "2014.06.19"]

1. Nf3 Nf6 2. g3 d5 3. Bg2 g6 4. O-O Bg7 5. c4 dxc4 6. Na3 O-O 7. Nxc4 c5 8. d3
Nc6 9. Be3 b6 10. Nfe5 Nxe5 11. Nxe5 Be6 12. Bxa8 Qxa8 13. Nf3 Bg4 14. Rc1 Bxf3
15. exf3 Rd8 16. Qe2 Nd5 17. Rfd1 e6 18. d4 Nxe3 19. fxe3 cxd4 20. exd4 Bxd4+
21. Kg2 Qd5 22. Rc7 a5 23. b3 e5 24. Qc4 Qxc4 25. bxc4 Re8 26. f4 Re6 27. Kf3
Bc5 28. Re1 Rd6 29. Rxe5 Rd3+ 30. Kg4 Rd2 31. Rd5 Rxa2 32. Rd8+ Kg7 33. Rdd7 Kf6
34. Rxf7+ Ke6 35. Rxh7 Rc2 36. Rc6+ 1-0

[Event "FIDE World Blitz 2014"]
[Site "Dubai UAE"]
[Date "2014.06.19"]
[Round "3.21"]
[White "Yu, Yangyi"]
[Black "Kryvoruchko, Yuriy"]
[Result "1-0"]
[WhiteTitle "GM"]
[BlackTitle "GM"]
[WhiteElo "2675"]
[BlackElo "2707"]
[WhiteFideId "8603820"]
[BlackFideId "14109182"]
[EventDate "2014.06.19"]

1. e4 e5 2. Nc3 Nf6 3. g3 Nc6 4. Bg2 Bc5 5. Nge2 O-O 6. O-O d6 7. Na4 Bg4 8. h3
Be6 9. d3 h6 10. Nxc5 dxc5 11. f4 Qe7 12. f5 Bd7 13. g4 Nh7 14. Qe1 Nd4 15. Nxd4
cxd4 16. h4 f6 17. Qg3 c5 18. a4 b6 19. Bd2 a6 20. b3 b5 21. axb5 axb5 22. Kh2
Rfc8 23. Rfb1 Be8 24. Qe1 Qb7 25. Kg3 Kf8 26. Bf3 Bf7 27. Qh1 Rxa1 28. Rxa1 Ra8
29. Qc1 Ra6 30. g5 hxg5 31. hxg5 Nxg5 32. Rxa6 Qxa6 33. Bxg5 fxg5 34. Qxg5 Qf6
35. Qd2 Qd8 36. Bg4 Kg8 37. Kh3 Qf6 38. Kg3 Kh7 39. Qh2+ Qh6 40. Qh4 Qxh4+ 41.
Kxh4 Kh6 42. Be2 Bg8 43. Bh5 c4 44. dxc4 bxc4 45. b4 c3 46. Be2 Bf7 47. b5 Be8
48. b6 Bc6 49. Ba6 Bxe4 50. b7 Bxb7 51. Bxb7 d3 52. Be4 d2 53. Bf3 g6 54. Kg4 e4
55. Bd1 g5 56. Be2 e3 57. Bd1 Kg7 58. Kxg5 Kf7 59. Kf4 Kf6 60. Kxe3 1-0

[Event "FIDE World Blitz 2014"]
[Site "Dubai UAE"]
[Date "2014.06.19"]
[Round "3.22"]
[White "Ganguly, Surya Shekhar"]
[Black "Mamedov, Rauf"]
[Result "0-1"]
[WhiteTitle "GM"]
[BlackTitle "GM"]
[WhiteElo "2619"]
[BlackElo "2659"]
[WhiteFideId "5002150"]
[BlackFideId "13401653"]
[EventDate "2014.06.19"]

1. e4 e5 2. Nf3 d6 3. d4 exd4 4. Nxd4 Nf6 5. Nc3 g6 6. g3 Bg7 7. Bg2 O-O 8. O-O
Re8 9. h3 a6 10. Re1 Nbd7 11. Bf4 Ne5 12. Qc1 c5 13. Nb3 Be6 14. Bh6 Bh8 15. Nd2
Rc8 16. Nf1 b5 17. Ne3 b4 18. Ne2 Bd7 19. Nf4 Bc6 20. Bg5 h6 21. Bxh6 Bxe4 22.
Qd1 Bxg2 23. Kxg2 Qd7 24. Ned5 Nxd5 25. Qxd5 Kh7 26. Bg5 f6 27. h4 Qc6 28. Qxc6
Nxc6 29. Red1 fxg5 30. hxg5 Be5 31. Nd5 Kg7 32. c3 bxc3 33. bxc3 Ne7 34. Nb6 Rc6
35. Nc4 Bxc3 36. Nxd6 Rxd6 0-1

[Event "FIDE World Blitz 2014"]
[Site "Dubai UAE"]
[Date "2014.06.19"]
[Round "3.25"]
[White "Moiseenko, Alexander"]
[Black "Movsesian, Sergei"]
[Result "1/2-1/2"]
[WhiteTitle "GM"]
[BlackTitle "GM"]
[WhiteElo "2707"]
[BlackElo "2672"]
[WhiteFideId "14102560"]
[BlackFideId "310204"]
[EventDate "2014.06.19"]

1. d4 d5 2. c4 c6 3. Nf3 Nf6 4. Nc3 a6 5. c5 Bf5 6. Bf4 Nbd7 7. e3 Nh5 8. Bd3
Bxd3 9. Qxd3 Nxf4 10. exf4 g6 11. O-O-O Bg7 12. Kb1 b6 13. cxb6 Qxb6 14. Ne5
Nxe5 15. fxe5 O-O 16. Na4 Qb4 17. Qc2 Rfb8 18. Rd3 e6 19. Rhd1 Rb5 20. Rc3 Rc8
21. Nc5 Bf8 22. Nxa6 Qa5 23. Nc5 Ra8 24. a3 Rab8 25. b4 Qa7 26. Rdd3 Ra8 27. Rb3
Qb8 28. Nd7 Qb7 29. Nf6+ Kg7 30. Rh3 h6 31. Rxh6 Be7 32. Rh7+ Kf8 33. Rbh3 Rxb4+
34. axb4 Qxb4+ 35. Qb3 Qe1+ 36. Kc2 Qe2+ 37. Kb1 Qe1+ 38. Kc2 Qe2+ 39. Kb1 Qe1+
40. Kc2 1/2-1/2

[Event "FIDE World Blitz 2014"]
[Site "Dubai UAE"]
[Date "2014.06.19"]
[Round "3.27"]
[White "Najer, Evgeniy"]
[Black "Durarbayli, Vasif"]
[Result "1/2-1/2"]
[WhiteTitle "GM"]
[BlackTitle "GM"]
[WhiteElo "2653"]
[BlackElo "2590"]
[WhiteFideId "4118987"]
[BlackFideId "13402935"]
[EventDate "2014.06.19"]

1. e4 e5 2. Nf3 Nc6 3. Bb5 a6 4. Ba4 Nge7 5. c3 g6 6. d4 exd4 7. cxd4 b5 8. Bc2
d5 9. exd5 Nxd5 10. O-O Be6 11. Bg5 Be7 12. Bh6 Bf8 13. Bg5 Be7 14. Bh6 Bf8 15.
Qc1 Bxh6 16. Qxh6 Qf6 17. Nc3 O-O-O 18. Rad1 Qf4 19. Qxf4 Nxf4 20. Be4 Nb4 21.
Ng5 Bc4 22. Rfe1 h6 23. a3 hxg5 24. axb4 f5 25. Bc6 Rd6 26. d5 Rhd8 27. Ra1 Nxd5
28. Rxa6 Nb6 29. Bxb5 Kb7 30. Raa1 Rd2 31. Rab1 Rc2 32. Bxc4 Nxc4 33. Na4 Rdd2
34. Rf1 Nxb2 35. Nxb2 Rxb2 36. g3 Kb6 37. Rxb2 Rxb2 38. Re1 Rxb4 39. Re6+ Kb7
40. Rxg6 g4 41. Rg5 Rb5 42. h4 gxh3 43. Kh2 Rd5 44. Kxh3 c5 45. g4 fxg4+ 46.
Kxg4 Rd4+ 47. f4 Kc6 48. Rg8 c4 49. Rc8+ Kb5 50. Kg5 Kb4 51. f5 c3 52. f6 Rd7
53. Kg6 Kb3 54. f7 Rxf7 55. Kxf7 c2 56. Rxc2 Kxc2 1/2-1/2

[Event "FIDE World Blitz 2014"]
[Site "Dubai UAE"]
[Date "2014.06.19"]
[Round "3.28"]
[White "Riazantsev, Alexander"]
[Black "Maletin, Pavel"]
[Result "1/2-1/2"]
[WhiteTitle "GM"]
[BlackTitle "GM"]
[WhiteElo "2692"]
[BlackElo "2588"]
[WhiteFideId "4125029"]
[BlackFideId "4146786"]
[EventDate "2014.06.19"]

1. Nf3 d5 2. g3 Nf6 3. Bg2 c6 4. O-O Bf5 5. d3 h6 6. Nbd2 e6 7. b3 Be7 8. Bb2
O-O 9. Re1 Bh7 10. e4 a5 11. a3 Na6 12. Ne5 Nd7 13. Nxd7 Qxd7 14. Qg4 Bg6 15.
Nf3 Bf6 16. Bxf6 gxf6 17. Nh4 h5 18. Qf4 Kg7 19. Re2 a4 20. b4 Nc7 21. Bh3 Rad8
22. e5 f5 23. d4 Nb5 24. Re3 b6 25. Bf1 Na7 26. Ng2 Qe7 27. Qf3 c5 28. c3 cxd4
29. cxd4 Rc8 30. Nf4 h4 31. Be2 Rh8 32. Kg2 hxg3 33. fxg3 Rc2 34. h4 Rhc8 35. h5
Bh7 36. h6+ Kh8 37. Rh1 Nb5 38. Rd3 Nc3 39. Re1 Ne4 40. Kg1 Rg8 41. Nh5 Qg5 42.
Kg2 Rb2 43. Kg1 Bg6 44. Nf4 Rc2 45. Nh3 Qxh6 46. Nf4 Bh7 47. Qg2 Rg5 48. Re3 Qg7
49. Kh2 Nc3 50. Rh1 Kg8 51. Kg1 Ne4 52. Rh3 Rc1+ 53. Kh2 Bg6 54. Bf3 Rc3 55.
Rxc3 Nxc3 56. Qc2 Ne4 1/2-1/2

[Event "FIDE World Blitz 2014"]
[Site "Dubai UAE"]
[Date "2014.06.19"]
[Round "3.29"]
[White "Caruana, Fabiano"]
[Black "Michalik, Peter"]
[Result "1-0"]
[WhiteTitle "GM"]
[BlackTitle "GM"]
[WhiteElo "2791"]
[BlackElo "2557"]
[WhiteFideId "2020009"]
[BlackFideId "14907526"]
[EventDate "2014.06.19"]

1. d4 Nf6 2. Bg5 Ne4 3. Bf4 d5 4. e3 c5 5. Bd3 cxd4 6. exd4 Nc6 7. Bxe4 dxe4 8.
Ne2 e5 9. dxe5 Qxd1+ 10. Kxd1 g5 11. Bxg5 Rg8 12. h4 h6 13. Bf6 Rxg2 14. Ke1 Bg4
15. Nf4 Nd4 16. Nxg2 Bf3 17. Rg1 Nxc2+ 18. Kd2 Nxa1 19. Ne3 Rc8 20. Nc3 Kd7 21.
Rxa1 Ke6 22. a3 Bc5 23. Rg1 Bd4 24. Kc2 Bxe5 25. Bxe5 Kxe5 26. Rg7 f5 27. Re7+
Kf6 28. Nd5+ Kg6 29. Nf4+ Kf6 30. Re6+ Kg7 31. Kd2 h5 32. Ke3 Kf7 33. Rh6 Kg7
34. Rd6 b6 35. Rd7+ Kh6 36. Rxa7 Rg8 37. Ncd5 Rg4 38. Ne7 Kg7 39. Nxf5+ Kf6 40.
Ng3 Rxh4 41. Nxe4+ Bxe4 42. Kxe4 Rh1 43. Rh7 h4 44. Kf3 Kf5 45. Rh5+ Kf6 46.
Rh6+ Kg5 47. Rxb6 Rc1 48. Rb5+ Kf6 49. Nh3 Rc4 50. b3 Rc3+ 51. Kg2 Ke6 52. a4
Kd6 53. b4 Kc6 54. Rc5+ 1-0

[Event "FIDE World Blitz 2014"]
[Site "Dubai UAE"]
[Date "2014.06.19"]
[Round "3.30"]
[White "Vitiugov, Nikita"]
[Black "Fier, Alexandr"]
[Result "1-0"]
[WhiteTitle "GM"]
[BlackTitle "GM"]
[WhiteElo "2742"]
[BlackElo "2580"]
[WhiteFideId "4152956"]
[BlackFideId "2107139"]
[EventDate "2014.06.19"]

1. d4 Nf6 2. c4 g6 3. Nc3 Bg7 4. e4 d6 5. Nf3 O-O 6. Be2 e5 7. O-O exd4 8. Nxd4
Re8 9. f3 c6 10. Bf4 Nh5 11. Be3 Nd7 12. Qd2 Ne5 13. Rad1 a6 14. Nb3 Be6 15.
Qxd6 Nxc4 16. Qc5 Nxe3 17. Rxd8 Raxd8 18. Qxe3 Bxb3 19. Kh1 Bd4 20. Qg5 f6 21.
Qc1 Bf7 22. b3 g5 23. g3 Ng7 24. Bc4 Bxc4 25. bxc4 Ne6 26. Ne2 Bc5 27. Qc3 Nd4
28. Nxd4 Rxd4 29. Qb3 b6 30. Rd1 Red8 31. Rxd4 Rxd4 32. Qa4 Rd6 33. Qxa6 Kg7 34.
Qb7+ Kg6 35. Qc8 Kg7 36. Qc7+ Kg6 37. Qc8 Kg7 38. Kg2 h5 39. h4 Rd2+ 40. Kh1
Rd1+ 41. Kg2 Rd2+ 42. Kh1 Rd1+ 1-0

[Event "FIDE World Blitz 2014"]
[Site "Dubai UAE"]
[Date "2014.06.19"]
[Round "3.33"]
[White "Ghaem Maghami, Ehsan"]
[Black "Mchedlishvili, Mikheil"]
[Result "1/2-1/2"]
[WhiteTitle "GM"]
[BlackTitle "GM"]
[WhiteElo "2582"]
[BlackElo "2632"]
[WhiteFideId "12500739"]
[BlackFideId "13600966"]
[EventDate "2014.06.19"]

1. c4 e5 2. Nc3 Nc6 3. g3 g6 4. Bg2 Bg7 5. e3 d6 6. Nge2 Nf6 7. d3 O-O 8. O-O
Be6 9. Nd5 Qd7 10. Bd2 Bh3 11. Nxf6+ Bxf6 12. Bxh3 Qxh3 13. Nc3 Bg7 14. Nd5 Qd7
15. Qb3 Rab8 16. Bc3 Ne7 17. Rae1 c6 18. Nxe7+ Qxe7 19. e4 Rfe8 20. f4 exf4 21.
gxf4 Bxc3 22. Qxc3 b5 23. cxb5 cxb5 24. Qd4 Rbc8 25. Rf2 Rc5 26. b4 Rc7 27. Ref1
Rec8 28. f5 Qe5 29. Qxe5 dxe5 30. fxg6 hxg6 31. Rf6 Rd7 32. R6f3 Rdc7 33. Rf6
Rd7 34. R6f3 Rdc7 1/2-1/2

[Event "FIDE World Blitz 2014"]
[Site "Dubai UAE"]
[Date "2014.06.19"]
[Round "3.34"]
[White "Bartel, Mateusz"]
[Black "Safarli, Eltaj"]
[Result "1-0"]
[WhiteTitle "GM"]
[BlackTitle "GM"]
[WhiteElo "2641"]
[BlackElo "2649"]
[WhiteFideId "1112635"]
[BlackFideId "13402129"]
[EventDate "2014.06.19"]

1. e4 c5 2. Nf3 e6 3. d4 cxd4 4. Nxd4 Nf6 5. Nc3 Nc6 6. g3 Bb4 7. Bg2 d5 8. exd5
exd5 9. O-O O-O 10. Nce2 h6 11. h3 Re8 12. Nf4 Ne4 13. c3 Bc5 14. Be3 Bb6 15.
Re1 Nf6 16. Qd3 Ne5 17. Qc2 Nc4 18. Bd2 Ne4 19. Bc1 Bxd4 20. cxd4 Bf5 21. Qd1
Qd7 22. Nd3 Bxh3 23. b3 Nc3 24. Qc2 Bxg2 25. Kxg2 Rxe1 26. Nxe1 Nb5 27. bxc4
Nxd4 28. Qc3 dxc4 29. Qxc4 Rc8 30. Qd3 Qc6+ 31. Nf3 Ne6 32. Be3 Qc2 33. Qxc2
Rxc2 34. Bxa7 g5 35. Be3 Kh7 36. Nd4 Nxd4 37. Bxd4 Kg6 38. a4 Rc4 39. Be3 Rb4
40. a5 h5 41. Rd1 Kf5 42. Rd5+ Kg6 43. Rxg5+ 1-0